|
|
|
|
| LEADER |
02846cas a2200637 a 4500 |
| 001 |
c000184258 |
| 003 |
CARM |
| 005 |
20050722114431.0 |
| 008 |
741121d19621982nyubx1 0 a0eng |
| 010 |
|
|
|a 86641326
|z sc 83006014
|z sn 78000661
|z sn 79000832
|
| 019 |
1 |
|
|a 920407
|5 LACONCORD2021
|
| 022 |
0 |
|
|a 0164-4300
|z 0002-7944
|
| 035 |
|
|
|a (OCoLC)1082421
|5 LACONCORD2021
|
| 040 |
|
|
|a DNLM
|b eng
|c DNLM
|d NSDP
|d InU
|d NSDP
|d MnMULS
|d DLC
|d NSDP
|d OCoLC
|d InU
|d DLC
|d OCoLC
|d NST
|d AIP
|d NST
|d AIP
|d OCoLC
|d DLC
|d NST
|d DLC
|d NST
|d MH
|d OCoLC
|d LC
|
| 042 |
|
|
|a nsdp
|a lc
|
| 043 |
|
|
|a n-us---
|
| 050 |
0 |
0 |
|a R11
|b .C65
|
| 060 |
0 |
0 |
|a W1 JO908J
|
| 060 |
0 |
0 |
|a W1
|b JO908J
|
| 082 |
0 |
4 |
|a 613/.088375
|2 19
|
| 210 |
0 |
|
|a J. Am. Coll. Health Assoc
|
| 222 |
|
4 |
|a The Journal of the American College Health Association
|
| 245 |
0 |
4 |
|a The Journal of the American College Health Association.
|
| 246 |
1 |
0 |
|a College health
|
| 246 |
1 |
0 |
|a ACHA
|
| 260 |
|
|
|a [Ithaca, N.Y.] :
|b The Association,
|c -[c1982].
|
| 300 |
|
|
|a 20 v. :
|b ill. ;
|c 28 cm.
|
| 310 |
|
|
|a 6 issues yearly
|b <, Apr. 1978- >
|
| 321 |
|
|
|a Four no. a year
|b <, Dec. 1962- >
|
| 321 |
|
|
|a 5 no. a year
|b <, June 1976- >
|
| 362 |
0 |
|
|a -v. 30, no. 4 (Feb. 1982).
|
| 362 |
1 |
|
|a Began with: Vol. 11, no. 1 (Oct. 1962).
|
| 500 |
|
|
|a At head of title, Aug. 1981- : ACHA.
|
| 500 |
|
|
|a Imprint varies.
|
| 500 |
|
|
|a Description based on: Vol. 11, no. 2 (Dec. 1962); title from cover.
|
| 510 |
1 |
|
|a Education index
|x 0013-1385
|
| 510 |
2 |
|
|a Excerpta medica
|
| 510 |
2 |
|
|a Cumulative index to nursing & allied health literature
|x 0146-5554
|
| 510 |
2 |
|
|a CIS abstracts
|x 0302-7651
|
| 510 |
2 |
|
|a Psychological abstracts
|x 0033-2887
|b 1971-1982
|
| 510 |
2 |
|
|a Energy research abstracts
|x 0160-3604
|
| 580 |
|
|
|a Continued in Apr. 1982 by: Journal of American college health.
|
| 650 |
|
0 |
|a College students
|x Health and hygiene
|z United States
|v Periodicals.
|
| 650 |
|
0 |
|a College students
|x Health and hygiene
|v Periodicals.
|
| 650 |
|
0 |
|a College students
|x Medical care
|z United States
|v Periodicals.
|
| 650 |
|
0 |
|a College students
|x Medical care
|v Periodicals.
|
| 710 |
2 |
|
|a American College Health Association.
|
| 780 |
0 |
0 |
|t Student medicine
|x 0096-7149
|w (DLC) 55042734
|w (OCoLC)1606721
|
| 785 |
1 |
0 |
|t Journal of American college health
|x 0744-8481
|w (DLC) 82646518
|w (OCoLC)8598579
|
| 852 |
8 |
|
|b CARM
|h A3:AB13B0
|i D08061
|p 0257056
|f SE
|
| 852 |
8 |
|
|b CARM
|h A3:AB11B0
|i D08038
|p 0257075
|f SE
|
| 866 |
|
0 |
|a 17(1968)-30:04(1982:02)
|
| 866 |
|
0 |
|a 17(1968)-30:04(1982:02)
|
| 999 |
f |
f |
|i 31dfc84b-34cf-59ec-ba80-79a868d72d2a
|s 87b6c6f0-e153-506d-b65f-6b3cc492dad0
|
| 952 |
f |
f |
|p Can circulate
|a CAVAL
|b CAVAL
|c CAVAL
|d CARM 1 Store
|e D08038
|f A3:AB11B0
|h Other scheme
|i book
|k 17(1968)-23(1975)
|m 0257075
|
| 952 |
f |
f |
|p Can circulate
|a CAVAL
|b CAVAL
|c CAVAL
|d CARM 1 Store
|e D08061
|f A3:AB13B0
|h Other scheme
|i book
|k 24(1975)-30:04(1982:02)
|m 0257056
|